00510nam a2200181Ia 450000500170000000800410001702000150005804000190007304100120009208200130010410000150011724500510013226000420018330000210022544000270024665000450027385000100031820231211094427.0131103s9999 xx 000 0 und d a9810123736 aLoreto College aEnglish a425bBRO aBrown,Adam aGet Your Business Grammar Right, cAdam Brown aSingaporebFederal Publicationsc1996 aiv,116 p.b ill. aTimes Business English aBusiness Grammer - Communicative English aLCLIB